01388nam a22002537a 4500003001000000005001700010008004100027015001200068020002200080040003400102080002000136100006200156245006400218250002200282260003600304300002100340490002700361520051200388650004600900655001900946942001600965999001300981952014000994AR-RoUNCS20260204132229.0091109s2007 ag ||||gr |00| d spa  aAR-2007 a978-950-581-016-1 aAR-BaBNbspacAR-RoUNCSeaacr1 a82-2(460)220161 aFernández de Moratín, Leandro,d1760-1828eautor4aut13aEl sí de las niñas /cLeandro Fernández de Moratín. a1a ed., 14 reimp. aBuenos Aires :bColihue,c2007. a126 p. ;b18 cm.0 aColección literaria.3 aEl sí de las niñas es una obra de teatro española escrita por Leandro Fernández de Moratín, estrenada en 1806. La comedia se refiere a los matrimonios concertados y a la falta de libertad de las mujeres en la elección de su pareja. Aunque en aquella época fue prohibida por su revolucionario mensaje, sobrevivió a la censura y sigue siendo representada en la actualidad. Con ello, mantiene su vigencia como una de las críticas más agudas a las costumbres del siglo XVIII en España.  72embneaLiteratura españolaySiglo XVIII 7aComedia2embne 2udccLPDn0 c874d874 00102udc40708CGaESOCIALESbESOCIALESd2026-02-04eDonación 2023l0o82-2(460) F363p000287r2026-02-04 13:23:43w2026-02-04yLPD